Obytný súbor Zátvor II Trnava
Salvato in:
| Autore principale: | |
|---|---|
| Altri autori: | |
| Natura: | Manoscritto Libro |
| Lingua: | slovacco |
| Pubblicazione: |
Bratislava :
STU v Bratislave SvF,
2010
|
| Soggetti: | |
| Accesso online: | VAIS |
| Tags: |
Nessun Tag, puoi essere il primo ad aggiungerne!!
|
MARC
| LEADER | 00000ntm a22000003a 4500 | ||
|---|---|---|---|
| 001 | stu216713 | ||
| 005 | 20160721135541.2 | ||
| 008 | 101116s2010----xo------------------slo-d | ||
| 040 | |a STU |b slo | ||
| 041 | 0 | |a slo | |
| 044 | |a xo | ||
| 100 | 1 | |a Ondričko, Tomáš, |d 1985- |4 aut |X 12408 |7 A000012408 | |
| 242 | 0 | 0 | |a Residential complex Zatvor II Trnava |y eng |
| 245 | 1 | |a Obytný súbor Zátvor II Trnava | |
| 260 | |a Bratislava : |b STU v Bratislave SvF, |c 2010 | ||
| 650 | 7 | |a technológia stavieb |2 stusub | |
| 650 | 7 | |a Building Technology |2 estusub | |
| 700 | 1 | |a Makýš, Peter, |d 1965- |4 ths |u V270 |U SvF Stavebná fakulta |T SvF Katedra technológie stavieb |X 2751 |U V270 |Y 28 |7 A000002751 | |
| 856 | 4 | |a info a plný text |u http://is.stuba.sk/zp/portal_zp.pl?podrobnosti=76561 |3 VAIS | |